LEADER 01195nam a2200265 i 4500 001 000000138015 003 CaOOAMICUS 005 20060927000000.0 008 060927s1949 it u000 u ita u 013 $a111910 040 $aSeMil$bita 100 1 $aSchmidt, Wilhelm,$c.$0(OLS)http://semarc/name/248 245 10$aManuale di storia comparata delle religioni /$cdel Rev. Padre Dott. Wilhelm Schmidt ; traduzione del Dott. Giuseppe Bugatto. 250 $a4. ed. aumentata. 260 $aBrescia :$bMorcelliana,$c1949. 300 $aXXII, 264 p. ;$c24 cm. 500 $aIn mezzo al front. : Ad uso degli Insegnanti di Università, Seminari e per lo studio privato. 650 4$aReligioni - Storia.$0(OLS)http://semarc/subject/266 650 4$aAntropologia religiosa.$0(OLS)http://semarc/subject/2795 700 1 $aBugatto, Giuseppe.$0(OLS)http://semarc/name/55929 850 $aSeMil 852 $aSeMil$W1$xVenegono$y1$m2R V 137$j91526$B91526$CSeMilBibl$Z2$F115045 $81 961 $aRecupero: Altro 996 $6245$aManuale di storia comparata delle religioni$9(OLS)http://semarc/title/201710 996 $6260$aBrescia :$bMorcelliana$9(OLS)http://semarc/publisher/29629 LEADER 01276nam a2200277 4500 001 000000347995 003 CaOOAMICUS 005 20211001105729.0 008 211001s1994 it a 000 u ita r 020 $a88-215-2758-1 040 $aSeMil$bita 100 1 $aNiccacci, Alviero,$c.$0(OLS)http://semarc/name/4527 245 13$aLa casa della sapienza :$bvoci e volti della sapienza biblica /$cAlviero Niccacci. 264 1$aCinisello Balsamo :$bSan Paolo,$c1994. 300 $a186 p. :$bill. ;$c24 cm 490 1 $aNarrare la Bibbia ;$v2 650 4$aSapienza .$0(OLS)http://semarc/subject/15751 650 4$aBibbia. Antico testamento. Sapienza - Commentari, studi, critica, interpretazioni.$0(OLS)http://semarc/subject/2660 830 0$aNarrare la Bibbia ;$v2.$0(OLS)http://semarc/title/12059 850 $aSeMil 852 $aSeMil$W1$xVenegono$y1$m2W VI 138$j229515$B239033$CSeMilBibl$Z2$F239033 $81 961 $aMottadelli don Sandro - Omaggio 996 $6020$a88-215-2758-1$9(OLS)http://semarc/number/294200 996 $6245$aLa casa della sapienza :$bvoci e volti della sapienza biblica$9(OLS)http://semarc/title/437309 996 $6264$aCinisello Balsamo :$bSan Paolo$9(OLS)http://semarc/publisher/30129